[Event "IECG WC.2003.F.00005 email"]
[Site "IECG email"]
[Date "2003.12.20"]
[Round "?"]
[White "Krutov, Slava"]
[Black "Di Tolla, Francesco"]
[Result "0-1"]
[WhiteElo "2078"]
[BlackElo "2042"]
[PlyCount "94"]
[EventDate "2003.12.20"]
[EventType "tourn (corr)"]
[EventRounds "14"]
[SourceTitle "Corr 2008"]
[Source "ChessBase"]
[SourceDate "2008.06.24"]
[SourceVersion "1"]
[SourceVersionDate "2008.06.24"]
[SourceQuality "1"]

1. d4 Nf6 2. c4 e6 3. Nf3 b6 4. Nc3 Bb7 5. Bg5 h6 6. Bh4 Be7 7. Qc2 c5 8. dxc5 bxc5 9. e3 0-0 10. Rd1 Qc7 11. Be2 d6 12. 0-0 a6 13. Rd2 Nc6 14. Rfd1 Rfd8 15. h3 Nh5 16. Bxe7 Qxe7 17. e4 Nf4 18. Bf1 Rab8 19. g3 Ng6 20. Bg2 Nge5 21. Nxe5 dxe5 22. Rxd8+ Rxd8 23. Qa4 Nd4 24. Kh2 Qc7 25. Qa3 f5 26. b3 Kh7 27. Qc1 f4 28. Qb1 Rf8 29. Rd3 Qf7 30. Qe1 Bc6 31. Qd2 g5 32. g4 Qb7 33. f3 Kg6 34. Ne2 Qb6 35. Nxd4 exd4 36. Bf1 e5 37. Be2 a5 38. a4 Rh8 39. Bd1 h5 40. Qg2 Rh6 41. Rd2 Qb7 42. Rf2 hxg4 43. fxg4 d3 44. Bf3 Qxb3 45. Rb2 Qxc4 46. Rb6 Kh7 47. Qb2 Qc2+ 0-1

[Event "IECG WC.2003.F.00005 email"]
[Site "IECG email"]
[Date "2003.12.20"]
[Round "?"]
[White "Krutov, Slava"]
[Black "Lacoste, Alain"]
[Result "1/2-1/2"]
[WhiteElo "2078"]
[BlackElo "2004"]
[PlyCount "53"]
[EventDate "2003.12.20"]
[EventType "tourn (corr)"]
[EventRounds "14"]
[SourceTitle "Corr 2008"]
[Source "ChessBase"]
[SourceDate "2008.06.24"]
[SourceVersion "1"]
[SourceVersionDate "2008.06.24"]
[SourceQuality "1"]

1. d4 d5 2. c4 e6 3. Nc3 Nf6 4. Bg5 Be7 5. e3 0-0 6. Nf3 h6 7. Bh4 b6 8. Rc1 Bb7 9. Bxf6 Bxf6 10. cxd5 exd5 11. b4 c5 12. bxc5 bxc5 13. Bb5 Na6 14. 0-0 Nc7 15. Be2 c4 16. Nd2 Qd6 17. Bf3 Rab8 18. Rb1 Bc6 19. Qc2 g6 20. Rb2 Rxb2 21. Qxb2 Bg7 22. Rb1 f5 23. Qb4 Qxb4 24. Rxb4 Ba8 25. Ra4 a6 26. Ra5 Rc8 27. Kf1 1/2-1/2

[Event "IECG WC.2005.P.00005 email"]
[Site "IECG email"]
[Date "2002.01.29"]
[Round "?"]
[White "Van Bommel, Ton"]
[Black "Krutov, Slava"]
[Result "1/2-1/2"]
[WhiteElo "1764"]
[BlackElo "2000"]
[PlyCount "96"]
[EventDate "2002.01.29"]
[EventType "tourn (corr)"]
[EventRounds "11"]
[SourceTitle "Corr 2008"]
[Source "ChessBase"]
[SourceDate "2008.06.24"]
[SourceVersion "1"]
[SourceVersionDate "2008.06.24"]
[SourceQuality "1"]

1. d4 d5 2. c4 e6 3. Nc3 c5 4. cxd5 exd5 5. Nf3 Nc6 6. g3 Nf6 7. Bg2 Be7 8. 0-0 0-0 9. Bg5 c4 10. Ne5 Be6 11. Nxc6 bxc6 12. b3 Qa5 13. Na4 Rab8 14. Qc2 Rfc8 15. Rfb1 c5 16. Nxc5 Bxc5 17. dxc5 Qxc5 18. Bxf6 gxf6 19. Rd1 cxb3 20. Qxc5 Rxc5 21. axb3 Rxb3 22. Rxa7 Rb2 23. Bf3 Rcc2 24. Kg2 Kg7 25. h4 f5 26. h5 Ra2 27. Rxa2 Rxa2 28. e3 Ra5 29. Rd4 h6 30. Be2 Kf6 31. Rb4 Ra2 32. Bf3 Ra5 33. Rb1 Ke5 34. Rb8 Kf6 35. Rb4 Rc5 36. Bd1 Rc1 37. Rd4 Ke5 38. Rd2 Rb1 39. Be2 Rb4 40. Ba6 d4 41. exd4+ Rxd4 42. Rxd4 Kxd4 43. Kf3 Ke5 44. Bb5 Kf6 45. Kf4 Bc8 46. Bc4 Bd7 47. Bd3 Be6 48. Bb1 Bd7 1/2-1/2

[Event "IECC CL2-2001.12"]
[Site "IECC email"]
[Date "2001.04.04"]
[Round "?"]
[White "Graff, John V"]
[Black "Krutov, Slava"]
[Result "1-0"]
[WhiteElo "1934"]
[BlackElo "2099"]
[PlyCount "61"]
[EventDate "2001.??.??"]
[EventType "tourn (corr)"]
[EventRounds "4"]
[SourceTitle "Corr 2008"]
[Source "ChessBase"]
[SourceDate "2008.06.24"]
[SourceVersion "1"]
[SourceVersionDate "2008.06.24"]
[SourceQuality "1"]

1. e3 e5 2. d4 e4 3. c4 f5 4. Nc3 Nf6 5. Be2 Bb4 6. Bd2 Bxc3 7. Bxc3 d5 8. Nh3 Nc6 9. Nf4 Ne7 10. Bb4 c6 11. b3 a5 12. Ba3 Bd7 13. 0-0 b5 14. Bc5 0-0 15. Rc1 Rf7 16. Qc2 g5 17. Nh5 Nxh5 18. Bxh5 Rg7 19. cxb5 cxb5 20. Bd6 Rc8 21. Bc7 Qf8 22. Qd2 Nc6 23. Be5 Nxe5 24. dxe5 Be6 25. Qxa5 Ra8 26. Qxb5 Rxa2 27. Rc6 Re7 28. Qb6 Qh6 29. Rc8+ Kg7 30. Qd8 Qxh5 31. Qf8+ 1-0

[Event "IECC CL2-2001.12"]
[Site "IECC email"]
[Date "2001.04.04"]
[Round "?"]
[White "Krutov, Slava"]
[Black "Flor Trejo, Remigio Francisco"]
[Result "1/2-1/2"]
[WhiteElo "2076"]
[BlackElo "2148"]
[PlyCount "58"]
[EventDate "2001.??.??"]
[EventType "tourn (corr)"]
[EventRounds "4"]
[SourceTitle "Corr 2008"]
[Source "ChessBase"]
[SourceDate "2008.06.24"]
[SourceVersion "1"]
[SourceVersionDate "2008.06.24"]
[SourceQuality "1"]

1. d4 Nf6 2. c4 g6 3. Nc3 Bg7 4. e4 d6 5. Nf3 0-0 6. Be2 e5 7. 0-0 Nc6 8. d5 Ne7 9. Bd2 Nh5 10. Rc1 f5 11. Ng5 Nf4 12. Bxf4 exf4 13. Bf3 fxe4 14. Bxe4 Nf5 15. Nf3 Nh4 16. h3 Re8 17. Re1 Bd7 18. Qd2 Qf6 19. Nxh4 Qxh4 20. Bf3 Rxe1+ 21. Rxe1 a6 22. c5 dxc5 23. d6 cxd6 24. Bxb7 Rd8 25. Re4 Be5 26. Bxa6 Kh8 27. Bb7 Qg5 28. Kf1 Bf5 29. Ra4 Qf6 1/2-1/2